Những vấn đề xung quanh việc hợp nhất Châu Âu
Giới thiệu với bạn đọc những bài viết phân tích về các vấn đề của việc hợp nhất Châu Âu, qua đó có thể gợi mở cho các nhà nghiên cứu và quản lý lĩnh vực quan hệ quốc tế những ý kiến bổ ích trong việc hoạch định các chính sách đô...
保存先:
| 団体著者: | |
|---|---|
| フォーマット: | 図書 |
| 言語: | Undetermined |
| 出版事項: |
Hà Nội
Khoa học xã hội
1997
|
| 主題: | |
| タグ: |
タグ追加
タグなし, このレコードへの初めてのタグを付けませんか!
|
| Thư viện lưu trữ: | Trung tâm Học liệu Trường Đại học Cần Thơ |
|---|
| LEADER | 01220nam a2200205Ia 4500 | ||
|---|---|---|---|
| 001 | CTU_21906 | ||
| 008 | 210402s9999 xx 000 0 und d | ||
| 020 | |b 20.500đ | ||
| 082 | |a 327 | ||
| 082 | |b V305 | ||
| 110 | |a Viện Thông tin Khoa học Xã hội Việt Nam | ||
| 245 | 0 | |a Những vấn đề xung quanh việc hợp nhất Châu Âu | |
| 245 | 0 | |c Viện Thông tin Khoa học Xã hội Việt Nam | |
| 260 | |a Hà Nội | ||
| 260 | |b Khoa học xã hội | ||
| 260 | |c 1997 | ||
| 520 | |a Giới thiệu với bạn đọc những bài viết phân tích về các vấn đề của việc hợp nhất Châu Âu, qua đó có thể gợi mở cho các nhà nghiên cứu và quản lý lĩnh vực quan hệ quốc tế những ý kiến bổ ích trong việc hoạch định các chính sách đối nội và đối ngoại của nước ta, cũng như trong việc hoạch định các chính sách về văn hóa và kinh tế. | ||
| 650 | |a International relations | ||
| 904 | |i Nguyễn Quang Điền, 980219 | ||
| 980 | |a Trung tâm Học liệu Trường Đại học Cần Thơ | ||